000 01624nam a22002417a 4500
999 _c56942
_d56942
003 Ge_BSU
005 20221221152032.0
008 190701s2019 ge ||||| |||| 00| 0 geo d
041 _ageo
080 _a61 გ-21
100 _aგარაყანიძე, სოფიო.
_93146
245 _aარტერიული თრომბოზების გენეტიკური ასპექტები აჭარის პოპულაციაში /
_bსოფიო გარაყანიძე; სამეცნ.ხელმძღ. მარინა ქორიძე; ნონა კაკაურიძე.
264 _aბათუმი :
_bშოთა რუსთაველის სახელმწიფო უნ-ტი,
_c2019.
300 _a120 გვ;
_c30 სმ.
653 _aმედიცინა
653 _aგენეტიკა
653 _aდისერტაცია
700 _aქორიძე , მარინა
_eსამეცნიერო ხელმძღვანელი
_91110
700 _aკაკაურიძე, ნონა
_eსამეცნიერო ხელმძღვანელი
_93147
710 _aბათუმის შოთა რუსთაველის სახელმწიფო უნივერსიტეტი
_93148
710 _aსაბუნებისმეტყველო მეცნიერებათა და ჯანდაცვის ფაკულტეტი ბიოლოგიის დეპარტამენტი
_92891
942 _2udc
_cDS